[Event "Cto. de Aragón Veteranos 2018"]
[Site "?"]
[Date "2018.04.21"]
[Round "1"]
[White "Navarro, Rafael"]
[Black "Gonzalez, Jose Julian"]
[Result "0-1"]
[WhiteElo "1583"]
[BlackElo "2036"]
[PlyCount "107"]

1. d4 g6 2. e4 Bg7 3. Nf3 d6 4. Bc4 e6 5. c3 a6 6. O-O Ne7 7. Bg5 h6 8. Bxe7
Qxe7 9. e5 Nd7 10. Qe2 O-O 11. Nbd2 Nb6 12. Bb3 Bd7 13. Rfe1 d5 14. a4 Rac8 15.
a5 Bb5 16. Qd1 Nd7 17. Ba4 c5 18. Bxb5 axb5 19. Qe2 c4 20. Nb1 Ra8 21. Nbd2 Nb8
22. b4 Nc6 23. Nb1 Qd7 24. Na3 Ne7 25. Nc2 Ra6 26. Ne3 Rfa8 27. Ra2 Qd8 28.
Rea1 R8a7 29. Ng4 Nf5 30. Ne3 Nxe3 31. fxe3 Qa8 32. e4 Kh7 33. g4 b6 34. g5
bxa5 35. Rxa5 Rxa5 36. Rxa5 Rxa5 37. bxa5 dxe4 38. Nd2 Qxa5 39. Nxe4 Qa1+ 40.
Kg2 hxg5 41. Qf3 Qb2+ 42. Kg3 Qc1 43. Nd6 Qg1+ 44. Kh3 f5 45. exf6 g4+ 46. Qxg4
Qf1+ 47. Qg2 Qd3+ 48. Qg3 Bxf6 49. Nxb5 Qf1+ 50. Qg2 Qf5+ 51. Qg4 Qxb5 52. Qxe6
Qf5+ 53. Qxf5 gxf5 54. Kg3 0-1

[Event "Cto. de Aragón Veteranos 2018"]
[Site "?"]
[Date "2018.04.21"]
[Round "1"]
[White "Brosa, Jesus"]
[Black "Navales, Manuel"]
[Result "1-0"]
[WhiteElo "1939"]
[BlackElo "1573"]
[PlyCount "117"]

1. c4 c5 2. Nc3 Nc6 3. g3 g6 4. Bg2 Bg7 5. d3 d6 6. e3 e5 7. Nge2 Nf6 8. O-O
O-O 9. Bd2 Rb8 10. Rb1 Bf5 11. e4 Be6 12. a3 a6 13. Nd5 b5 14. b3 Ne7 15. Ne3
b4 16. axb4 cxb4 17. Ra1 a5 18. Ra2 Nc6 19. Nc2 Qd7 20. d4 exd4 21. Nexd4 Bh3
22. Nxc6 Bxg2 23. Kxg2 Qxc6 24. f3 Ra8 25. Nd4 Qd7 26. Nb5 d5 27. e5 dxc4 28.
exf6 cxb3 29. fxg7 Rfd8 30. Qxb3 Qxb5 31. Re1 Rd3 32. Qb2 b3 33. Ra3 a4 34.
Raa1 Qd5 35. Be3 Rc8 36. Rac1 Qa8 37. Rxc8+ Qxc8 38. Bc1 Qc2+ 39. Re2 Qxb2 40.
Bxb2 Rd8 41. Kf1 Ra8 42. Ba3 Kxg7 43. Ke1 h5 44. Kd1 f5 45. h4 Rc8 46. Rd2 Kf7
47. Rd4 Ra8 48. Kd2 Ke6 49. Kc3 Ke5 50. Bd6+ Ke6 51. Ba3 Rc8+ 52. Rc4 Ra8 53.
Rc6+ Kf7 54. Kb2 Kg7 55. Bd6 Kf7 56. Be5 a3+ 57. Kxb3 a2 58. Ba1 Ra7 59. Rf6+
1-0

[Event "Cto. de Aragón Veteranos 2018"]
[Site "?"]
[Date "2018.04.21"]
[Round "1"]
[White "Cervera, Ramón"]
[Black "Orti, Carlos"]
[Result "0-1"]
[WhiteElo "1448"]
[BlackElo "1853"]
[PlyCount "54"]

1. d4 c5 2. Nf3 cxd4 3. Nxd4 d6 4. Nc3 Nf6 5. Bg5 Nbd7 6. e3 g6 7. Bb5 Bg7 8.
O-O a6 9. Bd3 O-O 10. a4 Ne5 11. Bxf6 Bxf6 12. Nd5 Bg7 13. Be2 Nc6 14. c3 e6
15. Nxc6 bxc6 16. Nb4 Qc7 17. Bf3 Bb7 18. Qe2 c5 19. Nc2 Rab8 20. Ne1 Rfd8 21.
Rc1 Qa5 22. Qc4 d5 23. Qa2 Bc6 24. Bd1 c4 25. Nf3 Qb6 26. Rc2 Rb7 27. b4 cxb3
0-1

[Event "Cto. de Aragón Veteranos 2018"]
[Site "?"]
[Date "2018.04.21"]
[Round "1"]
[White "Edeso, Francisco"]
[Black "Perez, Jose Maria"]
[Result "1-0"]
[WhiteElo "1834"]
[BlackElo "1406"]
[PlyCount "157"]

1. d4 d5 2. c4 c6 3. Nc3 Nf6 4. Bg5 Nbd7 5. cxd5 cxd5 6. Nf3 e6 7. Qa4 Be7 8.
Bxf6 Bxf6 9. e3 O-O 10. Bd3 g6 11. O-O Bg7 12. b4 a6 13. Rac1 Nb6 14. Qb3 Bd7
15. a4 Nc8 16. Rc2 Nd6 17. Rfc1 Qe7 18. Ne2 Rfc8 19. b5 Rxc2 20. Rxc2 Be8 21.
bxa6 bxa6 22. Rc5 Qd8 23. h3 a5 24. Nc3 Rb8 25. Nb5 Bf8 26. Rc1 Ne4 27. Qc2 Nd6
28. Qe2 Rc8 29. Qd2 Nc4 30. Qc2 Nb6 31. Qb2 Rxc1+ 32. Qxc1 Nxa4 33. Qa1 Nb6 34.
Qxa5 Be7 35. Ne5 f6 36. Nf3 Nc4 37. Qxd8 Bxd8 38. Bxc4 dxc4 39. Nd6 c3 40. Ne1
Ba4 41. Nb7 Be7 42. Nc5 c2 43. Ned3 Bb5 44. Nc1 Kf7 45. f3 Bd6 46. Kf2 e5 47.
g3 exd4 48. exd4 Ke7 49. f4 g5 50. Ke3 Bf1 51. N5d3 Bxh3 52. Kd2 h5 53. Kxc2
Ke6 54. Kd2 gxf4 55. gxf4 h4 56. Ke3 Bf5 57. Nf2 h3 58. Ne2 h2 59. Ng3 Ba3 60.
d5+ Kxd5 61. Nxf5 Ke6 62. Ng3 Bc1+ 63. Kf3 f5 64. Kg2 Kf6 65. Ne2 Bd2 66. Kxh2
Be1 67. Kg2 Bxf2 68. Kxf2 Kg6 69. Kg3 Kh5 70. Kh3 Kg6 71. Kh4 Kh6 72. Nd4 Kg6
73. Kg3 Kf6 74. Kh4 Kg6 75. Nf3 Kf6 76. Kh5 Ke6 77. Nd4+ Kf6 78. Kh6 Ke7 79.
Kg5 1-0

[Event "Cto. de Aragón Veteranos 2018"]
[Site "?"]
[Date "2018.04.21"]
[Round "1"]
[White "Otal, Jose Miguel"]
[Black "Pellicer, Rafael"]
[Result "0-1"]
[WhiteElo "1405"]
[BlackElo "1750"]
[PlyCount "94"]

1. e4 e5 2. Nf3 Nc6 3. Bb5 d6 4. c3 Bd7 5. Ba4 Nf6 6. d3 Be7 7. Nbd2 O-O 8. Nf1
Na5 9. Bc2 c5 10. Ng3 g6 11. O-O Re8 12. Re1 Bf8 13. Bg5 Bg7 14. Qd2 Nc6 15. h4
Bg4 16. Nh2 Qc8 17. Nxg4 Qxg4 18. Bd1 Qd7 19. Bxf6 Bxf6 20. h5 Qd8 21. hxg6
hxg6 22. Qe2 Bh4 23. Qf3 Qf6 24. Qe2 Qg5 25. Nf1 Qh6 26. g3 Bf6 27. Ne3 Qh3 28.
Qg4 Qxg4 29. Nxg4 Bg7 30. Kg2 Kf8 31. Ne3 Ne7 32. Rf1 b5 33. f4 exf4 34. gxf4
a5 35. Rb1 f5 36. Kf3 a4 37. a3 Kf7 38. Nd5 Nxd5 39. exd5 Re7 40. Be2 Rae8 41.
Rfe1 Bh6 42. d4 Re3+ 43. Kf2 c4 44. Rbc1 Bxf4 45. Rcd1 Bg3+ 46. Kf1 Bxe1 47.
Rxe1 f4 0-1

[Event "Cto. de Aragón Veteranos 2018"]
[Site "?"]
[Date "2018.04.21"]
[Round "1"]
[White "Martinez, Juan"]
[Black "Ferruz, Rafael"]
[Result "1-0"]
[WhiteElo "1702"]
[BlackElo "1351"]
[PlyCount "57"]

1. e4 e5 2. Nf3 Nc6 3. Bb5 a6 4. Ba4 Nf6 5. O-O b5 6. Bb3 Be7 7. Re1 O-O 8. c3
d6 9. h3 Be6 10. Bc2 h6 11. d4 exd4 12. cxd4 Nb4 13. Nc3 Nxc2 14. Qxc2 Bd7 15.
e5 dxe5 16. dxe5 Ne8 17. Rd1 Qc8 18. Nd5 Qd8 19. Qe4 f5 20. Nxe7+ Kf7 21. Nxf5
Qc8 22. N3d4 Bxf5 23. Nxf5 c6 24. Nd6+ Nxd6 25. Rxd6 Re8 26. Qg6+ Kg8 27. Bxh6
Ra7 28. Rad1 Rxe5 29. Rd8+ 1-0

[Event "Cto. de Aragón Veteranos 2018"]
[Site "?"]
[Date "2018.04.21"]
[Round "1"]
[White "Codina, Juan"]
[Black "Marin, Angel Maria"]
[Result "1-0"]
[WhiteElo "1351"]
[BlackElo "1692"]
[PlyCount "63"]

1. d4 Nf6 2. c4 e6 3. Nc3 Bb4 4. Bd2 O-O 5. a3 Be7 6. h3 b6 7. Nf3 Bb7 8. e3 d6
9. Bd3 c5 10. dxc5 dxc5 11. Be2 Nc6 12. O-O a6 13. Qc2 Qc7 14. Rfd1 Rfd8 15.
Be1 Ne5 16. Nxe5 Qxe5 17. Rd2 Bd6 18. g3 Be7 19. Rad1 Qc7 20. Rxd8+ Rxd8 21.
Rxd8+ Qxd8 22. Qd1 Qc7 23. Bf3 g6 24. Bxb7 Qxb7 25. Qb3 Nd7 26. Ne2 Bf6 27. Bc3
Bd8 28. Nf4 Bc7 29. Nd3 Qe4 30. Ne1 h5 31. Qa4 Nb8 32. Qe8+ 1-0

[Event "Cto. de Aragón Veteranos 2018"]
[Site "?"]
[Date "2018.04.21"]
[Round "1"]
[White "Garcia, Obdulio"]
[Black "Gutierrez, Manuel"]
[Result "1-0"]
[WhiteElo "1667"]
[BlackElo "1320"]
[PlyCount "57"]

1. d4 Nf6 2. Bf4 g6 3. e3 Bg7 4. h3 a6 5. Nf3 d6 6. Nbd2 Nc6 7. Be2 Nd5 8. Bh2
e5 9. dxe5 Nxe5 10. c3 Nxf3+ 11. Nxf3 Nxc3 12. bxc3 Bxc3+ 13. Nd2 Bxa1 14. Qxa1
Rg8 15. O-O b5 16. Bf3 Rb8 17. Ne4 Kf8 18. Bf4 f5 19. Bg5 Qe8 20. Nf6 Qe5 21.
Nxg8 Qxa1 22. Rxa1 Kxg8 23. Rc1 c5 24. Be7 Rb6 25. Bd8 Bb7 26. Bxb6 Bxf3 27.
gxf3 Kf7 28. Bxc5 dxc5 29. Rxc5 1-0

[Event "Cto. de Aragón Veteranos 2018"]
[Site "?"]
[Date "2018.04.21"]
[Round "1"]
[White "Burillo, Amelia"]
[Black "Lorente, Antonio"]
[Result "1-0"]
[WhiteElo "1296"]
[BlackElo "1648"]
[PlyCount "61"]

1. Nf3 Nf6 2. d4 g6 3. c4 Bg7 4. Nc3 O-O 5. e4 d6 6. Be2 Nbd7 7. Bf4 b6 8. Qd2
Bb7 9. e5 Ne4 10. Nxe4 Bxe4 11. O-O-O a5 12. Bh6 dxe5 13. Bxg7 Kxg7 14. Qe3
Bxf3 15. Bxf3 Rb8 16. dxe5 Qc8 17. h4 Nc5 18. h5 Rh8 19. h6+ Kf8 20. g4 Qe8 21.
g5 Qa4 22. Qc3 Qxa2 23. e6 f6 24. gxf6 Nxe6 25. Bd5 Qa1+ 26. Kd2 Qa4 27. Bxe6
Qb4 28. f7 b5 29. Ke2 Qxc3 30. bxc3 bxc4 31. Rd2 1-0

[Event "Cto. de Aragón Veteranos 2018"]
[Site "?"]
[Date "2018.04.21"]
[Round "1"]
[White "Arteaga, Francisco"]
[Black "Lopez, Jesus"]
[Result "1-0"]
[WhiteElo "1639"]
[BlackElo "1259"]
[PlyCount "83"]

1. e4 d5 2. exd5 Nf6 3. Nc3 Nxd5 4. Nxd5 Qxd5 5. d4 Nc6 6. Be3 e5 7. dxe5 Qxe5
8. c3 Bc5 9. Nf3 Qe7 10. Qd2 Bg4 11. Be2 Rd8 12. Qc1 Bxe3 13. Qxe3 Qxe3 14.
fxe3 b6 15. Bb5 Bd7 16. O-O-O Nb8 17. Ne5 c6 18. Bc4 O-O 19. Rhf1 Be6 20. Bxe6
fxe6 21. Rxd8 Rxd8 22. Kc2 Rd5 23. Nf3 Nd7 24. e4 Rc5 25. Rd1 Nf6 26. b4 Rc4
27. Ne5 Nd5 28. exd5 Re4 29. Nxc6 exd5 30. Rxd5 a6 31. Rd2 Kf7 32. Nd4 Kf6 33.
Nf3 h5 34. Kd3 Re6 35. Re2 Rd6+ 36. Nd4 g5 37. a4 g4 38. Ke4 Rd8 39. Kf4 Rd6
40. h3 gxh3 41. gxh3 Kg7 42. Nf5+ 1-0

[Event "Cto. de Aragón Veteranos 2018"]
[Site "?"]
[Date "2018.04.21"]
[Round "1"]
[White "Obis, Joaquin"]
[Black "Cortes, Cecilio"]
[Result "1-0"]
[WhiteElo "1252"]
[BlackElo "1617"]
[PlyCount "46"]

1. e4 d6 2. d4 c6 3. Nc3 Nd7 4. Nf3 e5 5. dxe5 dxe5 6. Bc4 Be7 7. O-O Ngf6 8.
Re1 O-O 9. a3 Re8 10. b4 h6 11. Bb2 Qc7 12. Bd3 Nf8 13. Ne2 Bd8 14. Ng3 Bg4 15.
h3 Bc8 16. Be2 Ng6 17. c3 Nf4 18. Bc1 Kh7 19. Be3 Be6 20. Qc2 Bxh3 21. gxh3
Nxh3+ 22. Kg2 Nf4+ 23. Bxf4 exf4 1-0

[Event "Cto. de Aragón Veteranos 2018"]
[Site "?"]
[Date "2018.04.28"]
[Round "2"]
[White "Gonzalez, Jose Julian"]
[Black "Garcia, Obdulio"]
[Result "1-0"]
[WhiteElo "2036"]
[BlackElo "1667"]
[PlyCount "77"]

1. b3 Nf6 2. Bb2 g6 3. Bxf6 exf6 4. c4 Bg7 5. Nc3 O-O 6. Rc1 d6 7. g3 Nd7 8.
Bg2 c6 9. d4 f5 10. e3 Nf6 11. Nge2 Bd7 12. O-O a6 13. Qc2 Re8 14. Rfd1 Rb8 15.
c5 d5 16. Na4 Ne4 17. Nb6 Be6 18. b4 Nf6 19. Rb1 Nd7 20. Na4 h5 21. Nac3 Nf6
22. a4 b5 23. cxb6 Rxb6 24. a5 Rb7 25. Na4 Qd6 26. Nc5 Ra7 27. Rdc1 Nd7 28. Qa4
Nxc5 29. bxc5 Qc7 30. Rb6 Bd7 31. Rcb1 Rc8 32. Nc3 Kh7 33. Na2 Bf6 34. Nb4 Rb8
35. Bf1 Bc8 36. Nxc6 Bd7 37. Rxb8 Bxc6 38. Qb4 Bd8 39. Qb6 1-0

[Event "Cto. de Aragón Veteranos 2018"]
[Site "?"]
[Date "2018.04.28"]
[Round "2"]
[White "Arteaga, Francisco"]
[Black "Brosa, Jesus"]
[Result "0-1"]
[WhiteElo "1639"]
[BlackElo "1939"]
[PlyCount "56"]

1. e4 e5 2. Nf3 Nf6 3. Nxe5 d6 4. Nf3 Nxe4 5. d4 d5 6. Bd3 Bf5 7. O-O Be7 8.
Ne5 Nd7 9. f3 Nd6 10. Bxf5 Nxf5 11. Qd3 Nd6 12. Nc3 c6 13. Be3 Nxe5 14. dxe5
Nc4 15. f4 Nxe3 16. Rf3 Ng4 17. Ne2 Qb6+ 18. Nd4 g6 19. h3 Nh6 20. g4 c5 21.
Qb5+ Qxb5 22. Nxb5 Kd7 23. Rd1 Kc6 24. Nc3 Rad8 25. Kg2 f5 26. exf6 Bxf6 27. g5
Bxc3 28. bxc3 Nf5 0-1

[Event "Cto. de Aragón Veteranos 2018"]
[Site "?"]
[Date "2018.04.28"]
[Round "2"]
[White "Orti, Carlos"]
[Black "Codina, Juan"]
[Result "1-0"]
[WhiteElo "1853"]
[BlackElo "1351"]
[PlyCount "125"]

1. b3 e6 2. Bb2 Nf6 3. e3 d5 4. f4 a6 5. Nf3 Nc6 6. Bd3 h6 7. O-O Nb4 8. Nc3
Nxd3 9. cxd3 Bc5 10. Ne5 d4 11. Na4 Ba7 12. e4 Bd7 13. Ba3 Bxa4 14. bxa4 c5 15.
Rb1 b6 16. Qb3 O-O 17. Nc6 Qc7 18. Nxa7 Qxa7 19. Qxb6 Qxb6 20. Rxb6 Nd7 21. Rb7
Rfd8 22. Rfb1 Rac8 23. Ra7 Nb8 24. Rbb7 Rf8 25. Rc7 Nc6 26. Rxc8 Rxc8 27. Rxa6
Nb4 28. Bxb4 cxb4 29. Rb6 Rc2 30. Rxb4 Rxd2 31. Rxd4 Rxa2 32. h3 f6 33. Kh2 Kf7
34. Kg3 Ke7 35. Kf3 e5 36. fxe5 fxe5 37. Rd5 Ke6 38. a5 Rc2 39. g3 Rc6 40. Rb5
Rc8 41. Rb6+ Kd7 42. a6 Ra8 43. Rg6 Kc8 44. Kg4 Kd8 45. Kf5 Ke8 46. Kxe5 Kf7
47. Rb6 Re8+ 48. Kf4 Ra8 49. Rb7+ Ke6 50. a7 g5+ 51. Ke3 h5 52. d4 Kd6 53. Rb6+
Kc7 54. Rh6 g4 55. Rxh5 gxh3 56. Rxh3 Kb6 57. Rh7 Rg8 58. g4 Ka6 59. g5 Kb6 60.
g6 Ka6 61. Rf7 Kb6 62. g7 Ka6 63. Rf8 1-0

[Event "Cto. de Aragón Veteranos 2018"]
[Site "?"]
[Date "2018.04.28"]
[Round "2"]
[White "Burillo, Amelia"]
[Black "Edeso, Francisco"]
[Result "0-1"]
[WhiteElo "1296"]
[BlackElo "1834"]
[PlyCount "125"]

1. d4 Nf6 2. Nf3 d5 3. e3 e6 4. c4 Be7 5. Bd3 O-O 6. O-O b6 7. cxd5 exd5 8.
Nbd2 Ba6 9. Bxa6 Nxa6 10. a3 c5 11. Qe2 Nc7 12. Ne5 Qd6 13. Re1 Rac8 14. Nf1
Ne6 15. f4 Rfe8 16. Ng3 g6 17. h4 Kg7 18. f5 Nc7 19. fxg6 hxg6 20. h5 Rh8 21.
hxg6 fxg6 22. Qd3 Nd7 23. Qxg6+ Qxg6 24. Nxg6 Kxg6 25. Rf1 Rcf8 26. Bd2 Rxf1+
27. Rxf1 Rf8 28. Rf3 Rxf3 29. gxf3 Ne6 30. f4 Kf7 31. Bc3 cxd4 32. Bxd4 Nxd4
33. exd4 Bf6 34. Ne2 Nf8 35. Kf2 Ne6 36. Ke3 Ke7 37. Kd3 Kd6 38. f5 Ng7 39. Ng3
Bh4 40. f6 Bxf6 41. b4 Ke6 42. b5 Nf5 43. Ne2 Kd6 44. a4 Bg7 45. Kc3 Bh6 46.
Kd3 Ke6 47. Nc3 Bf4 48. Ne2 Bd6 49. Nc1 Ba3 50. Nb3 Bb4 51. Nc1 Nd6 52. Ne2 Nc4
53. Kc2 Kf5 54. Kb3 Be7 55. Ng3+ Kg4 56. Nf1 Bh4 57. Kc2 Kf3 58. Nh2+ Ke4 59.
Ng4 Ne3+ 60. Nxe3 Kxe3 61. Kb3 Kxd4 62. Ka3 Kc3 63. Ka2 0-1

[Event "Cto. de Aragón Veteranos 2018"]
[Site "?"]
[Date "2018.04.28"]
[Round "2"]
[White "Pellicer, Rafael"]
[Black "Obis, Joaquin"]
[Result "1-0"]
[WhiteElo "1750"]
[BlackElo "1252"]
[PlyCount "53"]

1. d4 d5 2. c4 e6 3. e3 Nf6 4. Nc3 Be7 5. Nf3 O-O 6. Bd3 dxc4 7. Bxc4 a6 8. O-O
b5 9. Bd3 Bb7 10. a3 c5 11. dxc5 Bxc5 12. Qe2 Nc6 13. Rd1 Qe7 14. b4 Ba7 15.
Bb2 Rfd8 16. Qc2 e5 17. Ne4 Nxe4 18. Bxe4 Rxd1+ 19. Rxd1 Rc8 20. Qb1 f6 21.
Bxh7+ Kf8 22. Bf5 Rc7 23. Nh4 Ke8 24. Bg6+ Kf8 25. Bh5 Kg8 26. Qa2+ Kh7 27.
Bg6+ 1-0

[Event "Cto. de Aragón Veteranos 2018"]
[Site "?"]
[Date "2018.04.28"]
[Round "2"]
[White "Marin, Angel Maria"]
[Black "Cervera, Ramon"]
[Result "1-0"]
[WhiteElo "1692"]
[BlackElo "1448"]
[PlyCount "71"]

1. e4 e6 2. d4 d5 3. Nc3 Bb4 4. e5 c5 5. a3 Bxc3+ 6. bxc3 Nd7 7. Nf3 Ne7 8. Be2
O-O 9. O-O c4 10. Bg5 Qe8 11. Qd2 Nf5 12. g4 h6 13. gxf5 hxg5 14. Qxg5 exf5 15.
Kh1 f6 16. exf6 Nxf6 17. Rg1 Rf7 18. Ne5 Ne4 19. Qh4 Qe7 20. Qh5 Nxf2+ 21. Kg2
Ng4 22. Bxg4 fxg4 23. Rae1 Bf5 24. Qxf7+ Qxf7 25. Nxf7 Be4+ 26. Rxe4 dxe4 27.
Nd6 e3 28. Re1 Rd8 29. Nxb7 Rb8 30. Nc5 Rb2 31. Re2 Ra2 32. a4 Kf7 33. Kg3 Ra1
34. Kxg4 Rg1+ 35. Kf4 Rf1+ 36. Kxe3 1-0

[Event "Cto. de Aragón Veteranos 2018"]
[Site "?"]
[Date "2018.04.28"]
[Round "2"]
[White "Perez, Jose Maria"]
[Black "Moreno, Mario"]
[Result "1/2-1/2"]
[WhiteElo "1406"]
[BlackElo "1652"]
[PlyCount "62"]

1. d4 d5 2. Nf3 Nf6 3. e3 e6 4. Bd3 Bb4+ 5. c3 Bd6 6. Nbd2 O-O 7. O-O b6 8. b3
Bb7 9. a4 Nbd7 10. Ba3 Qe7 11. Bxd6 Qxd6 12. Re1 e5 13. e4 Rfe8 14. Qc2 c5 15.
dxe5 Nxe5 16. Nxe5 Qxe5 17. Nf3 Qf4 18. e5 Ne4 19. Qc1 Qxc1 20. Raxc1 Re6 21.
c4 f5 22. exf6 Rxf6 23. cxd5 Nd6 24. Bc4 Raf8 25. Rc2 Rf4 26. Re7 R8f7 27. Rxf7
Rxf7 28. Ne5 Rf5 29. Re2 g6 30. f3 Kg7 31. Kf2 a6 1/2-1/2

[Event "Cto. de Aragón Veteranos 2018"]
[Site "?"]
[Date "2018.04.28"]
[Round "2"]
[White "Lorente, Antonio"]
[Black "Lasierra, Javier"]
[Result "0-1"]
[WhiteElo "1648"]
[BlackElo "1442"]
[PlyCount "144"]

1. Nf3 d5 2. d4 h6 3. e3 e6 4. Bd3 Bb4+ 5. c3 Ba5 6. O-O Nd7 7. Nbd2 c5 8. Qa4
Bb6 9. dxc5 Bxc5 10. Nb3 Bd6 11. Bb5 a6 12. Bd3 Ngf6 13. Nbd2 O-O 14. Qc2 Nc5
15. Be2 e5 16. Rd1 e4 17. Nd4 Qc7 18. Nf1 Be6 19. b4 Ncd7 20. Bb2 b5 21. Rdc1
Ne5 22. h3 Rac8 23. Ng3 Qd7 24. a3 Nh7 25. Qd1 f5 26. a4 f4 27. exf4 Rxf4 28.
axb5 axb5 29. Nxb5 Rcf8 30. Ra7 Qd8 31. Ra6 Nf7 32. Nd4 Bc8 33. Ra8 Qg5 34.
Rxc8 Rxc8 35. Ne6 Qf6 36. Nxf4 Qxf4 37. Qxd5 e3 38. Ne4 exf2+ 39. Nxf2 Rd8 40.
Bc4 Nhg5 41. Qd3 Bxb4 42. Bxf7+ Nxf7 43. Qe4 Bd6 44. Qxf4 Bxf4 45. Rc2 Nd6 46.
c4 Be3 47. Kf1 Rc8 48. Ng4 Bc5 49. Ne5 Rf8+ 50. Ke1 Nf5 51. Nd3 Re8+ 52. Kd2
Be3+ 53. Kc3 Nh4 54. c5 Rc8 55. Kb3 Nf5 56. Kc4 Bg5 57. Kb5 Bd8 58. Be5 Ne7 59.
Bd6 Nc6 60. Kc4 Na5+ 61. Kd5 Nb7 62. Be5 Bf6 63. c6 Na5 64. Bxf6 gxf6 65. c7
Kf7 66. Nf4 Ke7 67. Ra2 Nb7 68. Kc6 Nd8+ 69. Kb6 Nf7 70. Nd5+ Ke6 71. Nf4+ Kd7
72. Rd2+ Nd6 {tiempo} 0-1

[Event "Cto. de Aragón Veteranos 2018"]
[Site "?"]
[Date "2018.04.28"]
[Round "2"]
[White "Cortes, Cecilio"]
[Black "Codina, Juan"]
[Result "1-0"]
[WhiteElo "1619"]
[BlackElo "1351"]
[PlyCount "83"]

1. d4 Nf6 2. Nf3 e6 3. e3 c5 4. c3 b6 5. Bd3 cxd4 6. cxd4 Ba6 7. Nc3 Bxd3 8.
Qxd3 a6 9. a3 d5 10. Ne5 Nfd7 11. f4 Nxe5 12. fxe5 Be7 13. O-O O-O 14. e4 Nc6
15. exd5 exd5 16. Rf3 Na5 17. Rh3 g6 18. Bh6 Re8 19. Rf1 Ra7 20. Qf3 Bg5 21.
Nxd5 Bxh6 22. Nf6+ Kg7 23. Nxe8+ Qxe8 24. Qf6+ Kg8 25. Rxh6 Qf8 26. Rh3 Nc4 27.
Qf2 Re7 28. Qh4 h5 29. Qf6 Re6 30. Qg5 Kh7 31. Rhf3 f5 32. Qc1 b5 33. h3 Qd8
34. Rd1 Qb6 35. Kh1 Re7 36. b3 Na5 37. Rc3 Qb7 38. d5 Qb8 39. e6 Qd6 40. Rc8
Nxb3 41. Qc3 b4 42. Qh8# 1-0

[Event "Cto. de Aragón Veteranos 2018"]
[Site "?"]
[Date "2018.04.28"]
[Round "2"]
[White "Ferruz, Rafael"]
[Black "Navarro, Rafael"]
[Result "1-0"]
[WhiteElo "1351"]
[BlackElo "1583"]
[PlyCount "45"]

1. e4 c5 2. Nc3 a6 3. Nge2 e5 4. g3 Nf6 5. Bg2 Nc6 6. O-O b5 7. a3 Bb7 8. d3
Na5 9. f4 Bd6 10. fxe5 Bxe5 11. Nd5 Nc6 12. c3 Nxd5 13. exd5 Ne7 14. Bf4 d6 15.
Bxe5 dxe5 16. c4 Qd6 17. Nc3 b4 18. Qa4+ Qd7 19. Qxd7+ Kxd7 20. Ne4 Rac8 21.
Rxf7 Rhf8 22. Bh3+ Ke8 23. Nd6+ 1-0

[Event "Cto. de Aragón Veteranos 2018"]
[Site "?"]
[Date "2018.05.06"]
[Round "3"]
[White "Edeso, Francisco"]
[Black "Gonzalez, Jose Julian"]
[Result "0-1"]
[WhiteElo "1834"]
[BlackElo "2036"]
[PlyCount "98"]

1. d4 Nf6 2. Nf3 d5 3. c4 c6 4. cxd5 cxd5 5. Nc3 g6 6. Bg5 Bg7 7. Bxf6 Bxf6 8.
e3 O-O 9. Bd3 Nc6 10. Rc1 Bg4 11. h3 Bxf3 12. Qxf3 e6 13. O-O Kg7 14. g4 Qe7
15. Qe2 Rac8 16. f4 h6 17. f5 Nb4 18. Bb1 exf5 19. gxf5 Bg5 20. Rce1 Rcd8 21.
a3 Nc6 22. Qd3 Rfe8 23. Kg2 Bh4 24. Rf3 h5 25. Ref1 Qg5+ 26. Kh1 Bg3 27. Rg1 h4
28. Rf4 Rd6 29. fxg6 f6 30. Nd1 Re7 31. Qf5 Qxf5 32. Bxf5 Na5 33. Bd3 Nc4 34.
Rf5 Nd2 35. Rh5 Kg8 36. Rf1 Nxf1 37. Bxf1 Rc6 38. Nc3 Rxe3 39. Rxd5 Re1 40. Kg2
Re3 41. Rd7 Rc7 42. Rxc7 Bxc7 43. Nd5 Rg3+ 44. Kf2 Bd8 45. Ne3 Rxg6 46. Nf5 Kf8
47. Nxh4 Rg5 48. Ke3 Be7 49. Ke4 Rg1 0-1

[Event "Cto. de Aragón Veteranos 2018"]
[Site "?"]
[Date "2018.05.06"]
[Round "3"]
[White "Brosa, Jesus"]
[Black "Pellicer, Rafael"]
[Result "1-0"]
[WhiteElo "1939"]
[BlackElo "1750"]
[PlyCount "99"]

1. d4 d5 2. Nf3 Nf6 3. Bg5 e6 4. e3 Be7 5. Nbd2 h6 6. Bh4 O-O 7. Bd3 c5 8. c3
Nbd7 9. O-O c4 10. Bc2 b5 11. a4 b4 12. cxb4 Bxb4 13. Ne5 Be7 14. Nc6 Qe8 15.
e4 dxe4 16. Bxe4 Rb8 17. Nxb8 Nxb8 18. Bf3 Ba6 19. Re1 Qd7 20. Bg3 Nc6 21. Bxc6
Qxc6 22. Rc1 Bb4 23. Re3 Nd5 24. Re5 Rc8 25. Nb1 Bb7 26. f3 a5 27. Nc3 Nb6 28.
Bf2 f6 29. Re2 Nd5 30. Nxd5 Qxd5 31. Rec2 Ba6 32. Qe2 Qd7 33. Qe3 Kf7 34. b3
Ba3 35. Rd1 Rb8 36. Rb1 Rb7 37. Ra2 Bb4 38. Qc1 c3 39. Qe3 Qd5 40. Rc2 Qf5 41.
Rbc1 Bd3 42. g4 Qg6 43. Rxc3 Bxc3 44. Rxc3 Ba6 45. Rc6 Qb1+ 46. Be1 Ra7 47. d5
Re7 48. dxe6+ Kg8 49. Rxa6 Qc2 50. Qe4 1-0

[Event "Cto. de Aragón Veteranos 2018"]
[Site "?"]
[Date "2018.05.06"]
[Round "3"]
[White "Martinez, Juan"]
[Black "Orti, Carlos"]
[Result "1/2-1/2"]
[WhiteElo "1702"]
[BlackElo "1853"]
[PlyCount "37"]

1. e4 e5 2. Nf3 Nc6 3. Bb5 a6 4. Ba4 Nf6 5. O-O b5 6. Bb3 Be7 7. a4 b4 8. d4 d6
9. dxe5 dxe5 10. Qxd8+ Bxd8 11. Bd5 Nxd5 12. exd5 Nd4 13. Nxd4 exd4 14. Bd2 a5
15. c3 dxc3 16. bxc3 Bf6 17. Ra2 Rb8 18. cxb4 axb4 19. Rc2 1/2-1/2

[Event "Cto. de Aragón Veteranos 2018"]
[Site "?"]
[Date "2018.05.06"]
[Round "3"]
[White "Lasierra, Javier"]
[Black "Marin, Angel Maria"]
[Result "0-1"]
[WhiteElo "1442"]
[BlackElo "1692"]
[PlyCount "54"]

1. e4 d5 2. e5 c5 3. c3 Nc6 4. Bb5 e6 5. Ne2 Bd7 6. Bxc6 Bxc6 7. O-O Ne7 8. d4
Ng6 9. Ng3 Be7 10. f4 O-O 11. f5 exf5 12. Nxf5 c4 13. h3 Bg5 14. Nd2 Nh4 15.
Qg4 Bd7 16. Nxc4 Nxf5 17. Rxf5 Bxc1 18. Rxc1 dxc4 19. Qf4 Bxf5 20. Qxf5 Qd5 21.
Rf1 Rae8 22. h4 Qe6 23. Qe4 b5 24. g4 f6 25. Rf5 fxe5 26. Rxe5 Qf7 27. Rxe8
Rxe8 0-1

[Event "Cto. de Aragón Veteranos 2018"]
[Site "?"]
[Date "2018.05.06"]
[Round "3"]
[White "Garcia, Obdulio"]
[Black "Ferruz, Rafael"]
[Result "0-1"]
[WhiteElo "1667"]
[BlackElo "1351"]
[PlyCount "100"]

1. e4 e5 2. Bc4 Nf6 3. d3 Bc5 4. Nf3 Nc6 5. a3 a6 6. Bg5 O-O 7. Nbd2 d6 8. h3
Re8 9. O-O Be6 10. Bxe6 Rxe6 11. Nc4 d5 12. exd5 Qxd5 13. Ne3 Qd7 14. Re1 Rd6
15. Bxf6 Rxf6 16. Ng4 Re6 17. Ngxe5 Qe7 18. Nxc6 bxc6 19. Rxe6 Qxe6 20. d4 Bd6
21. Qd3 Qd7 22. Re1 g6 23. a4 a5 24. b3 Rb8 25. Kf1 Rd8 26. Qc4 Re8 27. Ne5
Bxe5 28. dxe5 Qd5 29. Qxd5 cxd5 30. f4 Re6 31. g3 Rc6 32. Re2 Rc3 33. Kg2 Kf8
34. Rd2 c6 35. g4 Ke7 36. Re2 d4 37. f5 gxf5 38. gxf5 d3 39. cxd3 Rxd3 40. e6
f6 41. Rc2 Kd6 42. Kf2 Rd5 43. Ke3 Rxf5 44. e7 Re5+ 45. Kf4 Rxe7 46. Kf5 Re3
47. Kxf6 Rxb3 48. Rc4 Rb4 49. Rxb4 axb4 50. a5 Kc5 0-1

[Event "Cto. de Aragón Veteranos 2018"]
[Site "?"]
[Date "2018.05.06"]
[Round "3"]
[White "Codina, Juan"]
[Black "Arteaga, Francisco"]
[Result "0-1"]
[WhiteElo "1351"]
[BlackElo "1639"]
[PlyCount "27"]

1. d4 f5 2. c4 e6 3. Nc3 Nf6 4. Bg5 Be7 5. h3 O-O 6. a3 c6 7. Nf3 d5 8. e3 Nbd7
9. cxd5 exd5 10. Bd3 Ne4 11. Bxe7 Qxe7 12. Bxe4 fxe4 13. O-O exf3 14. g4 0-1

[Event "Cto. de Aragón Veteranos 2018"]
[Site "?"]
[Date "2018.05.06"]
[Round "3"]
[White "Lopez, Jesus"]
[Black "Cortes, Cecilio"]
[Result "0-1"]
[WhiteElo "1259"]
[BlackElo "1617"]
[PlyCount "76"]

1. e4 d6 2. f4 g6 3. Nf3 Nd7 4. Bc4 e6 5. d4 c6 6. Qd3 a5 7. c3 a4 8. a3 b5 9.
Ba2 Qc7 10. O-O Ne7 11. f5 exf5 12. exf5 Nxf5 13. Ng5 d5 14. g4 Nd6 15. Bf4 Nf6
16. Be5 Bg7 17. Bxf6 Bxf6 18. Rxf6 Bxg4 19. Qg3 Qe7 20. Rxd6 Qxg5 21. Qe1+ Be6+
22. Kh1 O-O 23. Nd2 Bh3 24. Qf2 Rae8 25. Nf3 Qf4 26. Rxc6 Re3 27. Bxd5 Rfe8 28.
Qg3 Qf5 29. Rb6 Bg4 30. Bxf7+ Qxf7 31. Qxg4 Rxf3 32. Rxb5 Rf1+ 33. Rxf1 Qxf1+
34. Qg1 Qxb5 35. Qc1 Re2 36. Qf1 Qxb2 37. Kg1 Qd2 38. Kh1 Re1 0-1